Los ojos de Dios me están soñando /

Сохранить в:
Библиографические подробности
Главный автор: Álvarez González, Ileana
Формат:
Язык:Spanish
Опубликовано: La Habana, Cuba: Editorial Letras Cubanas, 2001.
Предметы:
Метки: Добавить метку
Нет меток, Требуется 1-ая метка записи!

MARC

LEADER 00000nam a22000007a 4500
008 180621b xxu||||| |||| 00| 0 spa d
020 |a 9591005946 
041 0 |a spa 
082 0 4 |a Cu861.44  |b A472o 
100 1 |a Álvarez González, Ileana 
245 1 4 |a Los ojos de Dios me están soñando /  |c Ileana Álvarez González 
260 1 |a La Habana, Cuba:  |b Editorial Letras Cubanas,   |c 2001. 
300 |a 91 páginas  
500 |a Donación Adriano Corrales  
650 0 4 |a LITERATURA CUBANA  |v POESIA 
942 |2 ddc  |c BK 
999 |c 22043  |d 22043